Google Maps Cities - Luxembourg - Statistics

General Stats
  • This quiz has been taken 18 times
  • The average score is 5 of 7
Answer Stats
City % Correct
Luxembourg
100%
Esch-sur-Alzette
85%
Diekirch
62%
Mersch
62%
Wiltz
62%
Clervaux
46%
Echternach
46%
No matching quizzes found
Score Distribution
Percent of People with Each Score
Percentile by Number Answered
Your Score History
You have not taken this quiz